BSOP header

Case study research (Record no. 51534)

MARC details
000 -LEADER
fixed length control field 01511cam a22003014a 4500
001 - CONTROL NUMBER
control field 15283718
005 - DATE AND TIME OF LATEST TRANSACTION
control field 20250214145843.0
008 - FIXED-LENGTH DATA ELEMENTS--GENERAL INFORMATION
fixed length control field 080501s2009 caua b 001 0 eng
010 ## - LIBRARY OF CONGRESS CONTROL NUMBER
LC control number 2008019313
020 ## - INTERNATIONAL STANDARD BOOK NUMBER
International Standard Book Number 9781412960991 (pbk.)
040 ## - CATALOGING SOURCE
Original cataloging agency DLC
Transcribing agency DLC
Modifying agency DLC
100 1# - MAIN ENTRY--PERSONAL NAME
Personal name Yin, Robert K.
245 10 - TITLE STATEMENT
Title Case study research
Medium [electronic resource] :
Remainder of title design and methods /
Statement of responsibility, etc Robert K. Yin.
250 ## - EDITION STATEMENT
Edition statement 4th ed.
260 ## - PUBLICATION, DISTRIBUTION, ETC. (IMPRINT)
Place of publication, distribution, etc Los Angeles, Calif. :
Name of publisher, distributor, etc Sage Publications,
Date of publication, distribution, etc c2009.
300 ## - PHYSICAL DESCRIPTION
Extent 359 p. :
Other physical details ill. ;
Dimensions 23 cm.
336 ## - CONTENT TYPE
Content Type Term text
337 ## - MEDIA TYPE
Media Type Term computer
338 ## - CARRIER TYPE
Carrier Type Term online resource
490 0# - SERIES STATEMENT
Series statement Applied social research methods
Volume number/sequential designation v. 5
504 ## - BIBLIOGRAPHY, ETC. NOTE
Bibliography, etc Includes bibliographical references (p. 193-202) and index.
505 ## - FORMATTED CONTENTS NOTE
Formatted contents note How to know whether and when to use case studies as a research method<br/>Designing cast studies: identifying your case(s) and establishing the logic of your case study<br/>Preparing to collect case study evidence: what you need to do before starting to collect case study data<br/>Collecting case study evidence :L the principles you should follow in working with six sources of evidence<br/>Analyzing case study evidence: how to start your analysis, your analytic choices, and how they work<br/>Reporting case studies: how and what to compose
650 #0 - SUBJECT ADDED ENTRY--TOPICAL TERM
Topical term or geographic name as entry element Case method.
650 #0 - SUBJECT ADDED ENTRY--TOPICAL TERM
Topical term or geographic name as entry element Social sciences
General subdivision Research
-- Methodology.
655 ## - INDEX TERM--GENRE/FORM
Genre/form data or focus term Electronic books
856 ## - ELECTRONIC LOCATION AND ACCESS
Uniform Resource Identifier <a href="https://drive.google.com/file/d/1tn3KrPScwWwUAaUe15XwZ0nJHVRPEpXm/view?usp=sharing">https://drive.google.com/file/d/1tn3KrPScwWwUAaUe15XwZ0nJHVRPEpXm/view?usp=sharing</a>
942 ## - ADDED ENTRY ELEMENTS (KOHA)
Source of classification or shelving scheme Library of Congress Classification
Item type eBooks
Holdings
Withdrawn status Lost status Source of classification or shelving scheme Damaged status Not for loan Home library Current library Date acquired Inventory number Total Checkouts Date last seen Price effective from Koha item type
    Library of Congress Classification     BSOP Library Digital Library 05/09/2024 eB-00638   05/09/2024 05/09/2024 eBooks
BSOP

Biblical Seminary of the Philippines
  All rights Reserved
  © 2024

CONTACT INFORMATION

Biblical Seminary of the Philippines,
  77-B Karuhatan Road, Valenzuela City,
  PHILIPPINES 1441
  Phone: +632 8292-6795 / 8292-6798
  Fax : +632 8292-6675
  Email: library@bsop.edu.ph